[Event "British Chess Championships 2023: Junior Blitz Open"]
[Site "The Venue, De Montfort University, 20 Western Boulevard, Leicester, LE2 7BU"]
[Date "2023.07.27"]
[Round "4"]
[Board "10"]
[White "Zhao, George"]
[Black "Sisupalan, Beni"]
[Result "1-0"]
[WhiteElo "1720"]
[BlackElo "1585"]
[PlyCount "0"]
[EventDate "2023.07.27"]
[EventRounds "9"]
[EventCountry "ENG"]

1. d4 Nf6 2. Nf3 g6 3. g3 d6 4. Bg2 Bg7 5. O-O O-O 6. c4 Nbd7 7. Nc3 c6 8. e4 e5
9. h3 Qc7 10. Be3 Rd8 11. Qc2 b6 12. Rfd1 Bb7 13. b4 a6 14. c5 exd4 15. cxd6 Qxd6
16. Rxd4 Qe7 17. a3 c5 18. bxc5 bxc5 19. Rc4 Rac8 20. Rd1 Nb6 21. Rxd8+ Qxd8 22.
Rxc5 Rxc5 23. Bxc5 Qc7 24. Bxb6 Qxb6 25. Nd2 Qc7 26. Qd3 h6 27. Nd5 Nxd5 28. exd5
Be5 29. Nc4 Bd6 30. Qe2 Kg7 31. Nxd6 Qxd6 32. Qb2+ Kg8 33. Qxb7 Qxa3 34. Qb8+ Kg7
35. d6 Qc1+ 36. Kh2 Qd2 37. Qc7 g5 38. d7 g4 39. d8=Q gxh3 40. Qxd2 hxg2 41. Qd4+
Kg6 42. Qg4+ Kf6 43. Qd6#  1-0

[Event "British Chess Championships 2023: Junior Blitz Open"]
[Site "The Venue, De Montfort University, 20 Western Boulevard, Leicester, LE2 7BU"]
[Date "2023.07.27"]
[Round "4"]
[Board "11"]
[White "Kairat, Alexander"]
[Black "Catabay, Mae C"]
[Result "1-0"]
[WhiteElo "1486"]
[BlackElo "1494"]
[PlyCount "0"]
[EventDate "2023.07.27"]
[EventRounds "9"]
[EventCountry "ENG"]

1. e4 e5 2. Nf3 Nf6 3. Nc3 Nc6 4. Be2 Bc5 5. O-O d6 6. d3 O-O 7. h3 Be6 8. Be3 Bb6
9. d4 exd4 10. Nxd4 Nxd4 11. Bxd4 d5 12. Bxb6 axb6 13. e5 Nd7 14. f4 f5 15. Bf3 c6
16. Ne2 Nc5 17. Nd4 Qd7 18. c3 Rf7 19. Re1 Ne4 20. Qb3 b5 21. Rad1 Qe7 22. a3 g6
23. Qc2 Rg7 24. Bxe4 fxe4 25. Rf1 Rf8 26. Qd2 Qd7 27. Qe3 Qc8 28. Rd2 Qd7 29. Rdf2
Rgf7 30. Kh2 Kh8 31. g4 Qe7 32. Qg3 Bd7 33. f5 c5 34. e6 cxd4 35. exf7 Rxf7 36. cxd4
Qf6 37. Qe5 Kg7 38. Qxf6+ Rxf6 39. fxg6 Rxf2+ 40. Rxf2 hxg6 41. Kg3 g5 42. h4 Kg6
43. hxg5 Kxg5 44. Rf7 Bc8 45. Rc7 Be6 46. Rxb7 Kf6 47. Rxb5 Ke7 48. Rb6 Bd7 49. Rb7
Kd6 50. Rxd7+ Kxd7 51. Kf4 Ke6 52. a4 Kd6 53. g5  1-0

[Event "British Chess Championships 2023: Junior Blitz Open"]
[Site "The Venue, De Montfort University, 20 Western Boulevard, Leicester, LE2 7BU"]
[Date "2023.07.27"]
[Round "4"]
[Board "12"]
[White "Schweitzer, Zubin"]
[Black "Sedykh, Stakhey"]
[Result "0-1"]
[WhiteElo "1495"]
[BlackElo "1832"]
[PlyCount "0"]
[EventDate "2023.07.27"]
[EventRounds "9"]
[EventCountry "ENG"]

1. e4 e5 2. Nf3 Nc6 3. d4 exd4 4. Nxd4 Nf6 5. Nxc6 bxc6 6. e5 Qe7 7. Qe2 Nd5 8. h4
h6 9. g3 a5 10. f4 g6 11. c4 Nb6 12. Nd2 d5 13. exd6 Qxe2+ 14. Bxe2 cxd6 15. h5 Bg7
16. Nf3 Be6 17. c5 dxc5 18. hxg6 fxg6 19. O-O O-O-O 20. Rb1 Bf5 21. Ra1 h5 22. Nh4
Bd4+ 23. Kg2 Be4+ 24. Bf3 Bxf3+ 25. Nxf3 Bf6 26. Rb1 Rhe8 27. Bd2 Re2+ 28. Rf2 Rxf2+
29. Kxf2 Nc4 30. Bc3 Bd4+ 31. Nxd4 cxd4 32. Be1 d3 33. b3 d2 34. bxc4 d1=Q 35. Rxd1
Rxd1 36. Bxa5 Ra1 37. Bb6 Rxa2+ 38. Kf3 Kd7 39. Bd4 Rc2 40. c5 Rc4 41. Ke4 Ke6 42.
Kd3 Ra4 43. Be5 Ra3+ 44. Ke4 Ra4+ 45. Kd3 Kf5 46. Bd4 Kg4 47. Ke4 Kxg3 48. Ke5 Rxd4
49. Kxd4 Kxf4 50. Kd3 Ke5 51. Ke3 Kd5 52. Kf4 Kxc5 53. Kg5 Kd4 54. Kxg6 c5 55. Kxh5
c4 56. Kg4 c3 57. Kf3 c2 58. Ke2 c1=Q 59. Kf2 Qa3 60. Ke2 Qd3+ 61. Kf2 Qe3+ 62. Kf1
Qd2 63. Kg1 Ke3 64. Kh1 Kf3 65. Kg1 Qd1+ 66. Kh2 Qe2+ 67. Kh1 Qg2#  0-1

[Event "British Chess Championships 2023: Junior Blitz Open"]
[Site "The Venue, De Montfort University, 20 Western Boulevard, Leicester, LE2 7BU"]
[Date "2023.07.27"]
[Round "4"]
[Board "13"]
[White "Marsden, Rupert"]
[Black "Rastogi, Nayan Keats"]
[Result "1-0"]
[WhiteElo "1707"]
[BlackElo "1434"]
[PlyCount "0"]
[EventDate "2023.07.27"]
[EventRounds "9"]
[EventCountry "ENG"]

1. f4 d5 2. Nf3 c5 3. g3 Nc6 4. Bg2 Nf6 5. O-O Bf5 6. e3 e6 7. d3 h5 8. Qe1 Be7 9.
Nbd2 Bg6 10. e4 d4 11. Nc4 b5 12. Nce5 Qc7 13. Nxc6 Qxc6 14. Ne5 Qc7 15. Nxg6 fxg6
16. f5 h4 17. e5 Nd5 18. fxe6 Rd8 19. Qe4  1-0

[Event "British Chess Championships 2023: Junior Blitz Open"]
[Site "The Venue, De Montfort University, 20 Western Boulevard, Leicester, LE2 7BU"]
[Date "2023.07.27"]
[Round "4"]
[Board "14"]
[White "Mittal, Aditya"]
[Black "Aleksandrov, Igor"]
[Result "1-0"]
[WhiteElo "1737"]
[BlackElo "1637"]
[PlyCount "0"]
[EventDate "2023.07.27"]
[EventRounds "9"]
[EventCountry "ENG"]

1. b3 d5 2. Bb2 c6 3. f4 d4 4. Nf3 c5 5. e3 Nc6 6. exd4 cxd4 7. Bb5 Bg4 8. h3 Bxf3
9. Qxf3 Rc8 10. O-O e6 11. Na3 Bc5 12. Bd3 Nf6 13. Nc4 O-O 14. Ne5 Qd5 15. Qg3 Nh5
16. Qh4 Nxe5 17. fxe5 Qxe5 18. Rae1 Qd5 19. g4 Qd6 20. gxh5 Bb4 21. Re2 Rc5 22. Rg2
Re5 23. Qg4 g6 24. hxg6 fxg6 25. Rxf8+ Kxf8 26. Qf3+ Ke8 27. Qxb7 Bc5 28. Qc8+ Kf7
29. Rf2+ Kg7 30. Qb7+ Qe7 31. Qxe7+ Bxe7 32. Bxd4  1-0

[Event "British Chess Championships 2023: Junior Blitz Open"]
[Site "The Venue, De Montfort University, 20 Western Boulevard, Leicester, LE2 7BU"]
[Date "2023.07.27"]
[Round "4"]
[Board "15"]
[White "Hariharan, Shambavi"]
[Black "Ding, Yiwen"]
[Result "1-0"]
[WhiteElo "1528"]
[BlackElo "1664"]
[PlyCount "0"]
[EventDate "2023.07.27"]
[EventRounds "9"]
[EventCountry "ENG"]

1. d4 d5 2. c4 e6 3. Nf3 Nf6 4. g3 b6 5. Bg2 Bb7 6. O-O Be7 7. Nc3 dxc4 8. Qa4+ Qd7
9. Qxc4 O-O 10. Ne5 Qc8 11. Nf3 Nbd7 12. Bg5 h6 13. Bxf6 Nxf6 14. Qd3 c5 15. dxc5
Bxc5 16. Na4 Rd8 17. Qc3 Ne4 18. Qc1 Be7 19. Qxc8 Raxc8 20. Rac1 Rxc1 21. Rxc1 Bc5
22. e3 Bc6 23. Nxc5 Nxc5 24. b4 Bxf3 25. Bxf3 Nd7 26. Rc7 Ne5 27. Kg2 Nxf3 28. Kxf3
Ra8 29. a4 Kf8 30. a5 bxa5 31. bxa5 Ke8 32. a6 g6 33. h4 f5 34. Rh7 e5 35. Rh8+  1-0

[Event "British Chess Championships 2023: Junior Blitz Open"]
[Site "The Venue, De Montfort University, 20 Western Boulevard, Leicester, LE2 7BU"]
[Date "2023.07.27"]
[Round "4"]
[Board "16"]
[White "Babu, Rahul"]
[Black "Wills, Jack"]
[Result "1-0"]
[WhiteElo "1863"]
[BlackElo "1655"]
[PlyCount "0"]
[EventDate "2023.07.27"]
[EventRounds "9"]
[EventCountry "ENG"]

1. e4 e5 2. Nf3 Nc6 3. d4 exd4 4. Nxd4 Bc5 5. Nb3 Bb6 6. Nc3 Nf6 7. Qe2 O-O 8. Bg5
h6 9. Bh4 d6 10. O-O-O Be6 11. f3 a5 12. Nd5 Bxd5 13. exd5 Ne5 14. a3 Re8 15. Qd2
Nxf3 16. Qf4 Be3+ 17. Qxe3 Rxe3 18. gxf3 Rxf3 19. Rg1 Qe8 20. Kb1 Nxd5 21. Rxd5 Qe1+
22. Bxe1 Re8 23. Bd3 Rfe3 24. Bc3 g6 25. Bxg6 fxg6 26. Rxg6+ Kh7 27. Rg7+ Kh8 28.
Rxc7+ Kg8 29. Rg7+ Kh8 30. Rxb7+ Kg8 31. Rxd6 Re2 32. Rxh6 Re1+ 33. Bxe1 Rxe1+ 34.
Ka2 Re8 35. Nd4 Rd8 36. Nf5 Rf8 37. Rg7#  1-0

[Event "British Chess Championships 2023: Junior Blitz Open"]
[Site "The Venue, De Montfort University, 20 Western Boulevard, Leicester, LE2 7BU"]
[Date "2023.07.27"]
[Round "4"]
[Board "18"]
[White "Vaidyanathan, Adithya"]
[Black "Kumar, Sachin"]
[Result "1-0"]
[WhiteElo "1810"]
[BlackElo "1608"]
[PlyCount "0"]
[EventDate "2023.07.27"]
[EventRounds "9"]
[EventCountry "ENG"]

1. Nf3 d5 2. d4 Nf6 3. c4 g6 4. Nc3 Bg7 5. cxd5 Nxd5 6. e4 Nxc3 7. bxc3 c5 8. Bb5+
Nc6 9. d5 Bxc3+ 10. Bd2 Bxa1 11. Qxa1 O-O 12. dxc6 f6 13. Bc4+ Kh8 14. O-O bxc6 15.
Bh6 Re8 16. Bf7 Ba6 17. Rd1 Qc7 18. Bxe8 Rxe8 19. e5 Be2 20. exf6 exf6 21. Qxf6+
Kg8 22. Re1 Qf7 23. Qxf7+ Kxf7 24. Ng5+ Kg8 25. f3 Re5 26. Kf2 Rd5 27. Rxe2 Rd8 28.
Re7 Rd2+ 29. Ke3 Rd8 30. Rg7+ Kf8 31. Rxh7+ Ke8 32. Rh8+ Ke7 33. Rxd8 Kxd8 34. Ne6+
Ke7 35. Nxc5 Kd6 36. Kd4 a5 37. Bf8+ Kc7 38. h4 Kb6 39. g4 Kb5 40. a4+ Kb4 41. h5
gxh5 42. gxh5 Ka3 43. h6 Kb2 44. h7 Ka2 45. h8=Q Ka3 46. Nd3+ Ka2 47. Qh2+ Ka1 48.
Qb2#  1-0

[Event "British Chess Championships 2023: Junior Blitz Open"]
[Site "The Venue, De Montfort University, 20 Western Boulevard, Leicester, LE2 7BU"]
[Date "2023.07.27"]
[Round "4"]
[Board "19"]
[White "Xu, Jiarui"]
[Black "Sasikumar, Srivathsan"]
[Result "1-0"]
[WhiteElo "1400"]
[BlackElo "1787"]
[PlyCount "0"]
[EventDate "2023.07.27"]
[EventRounds "9"]
[EventCountry "ENG"]

1. e4 c5 2. Nf3 Nc6 3. d3 g6 4. Nc3 Bg7 5. g3 Nf6 6. Bg2 O-O 7. O-O d6 8. Be3 Bg4
9. h3 Bd7 10. Re1 Qc8 11. Kh2 Qc7 12. d4 cxd4 13. Nxd4 Nxd4 14. Bxd4 Rfd8 15. Qd2
b5 16. a3 a5 17. e5 dxe5 18. Bxe5 Ng4+ 19. hxg4 Bxe5 20. Bxa8 Rxa8 21. Rxe5 Qxe5
22. Qxd7 b4 23. axb4 Rb8 24. bxa5 Rxb2 25. Qd3 Rb8 26. a6 Rc8 27. Nb5 Qxa1 28. a7
Qa6 29. Qd7 Rf8 30. c4 Qb6 31. Kg2 e6 32. Qc7 Qa6 33. Nd6 Kg7 34. c5 e5 35. c6  1-0

[Event "British Chess Championships 2023: Junior Blitz Open"]
[Site "The Venue, De Montfort University, 20 Western Boulevard, Leicester, LE2 7BU"]
[Date "2023.07.27"]
[Round "4"]
[Board "20"]
[White "Parikh, Naavya"]
[Black "Pert, Nina P"]
[Result "0-1"]
[WhiteElo "1374"]
[BlackElo "1735"]
[PlyCount "0"]
[EventDate "2023.07.27"]
[EventRounds "9"]
[EventCountry "ENG"]

1. e4 c6 2. d4 d5 3. exd5 cxd5 4. Bb5+ Nc6 5. Bxc6+ bxc6 6. Nf3 Qc7 7. O-O Bg4 8.
Be3 e6 9. Nbd2 Bd6 10. h3 Bh5 11. c4 f5 12. c5 Be7 13. Nb3 Nf6 14. Bg5 O-O 15. Re1
Ne4 16. Bxe7 Qxe7 17. Qd3 Bxf3 18. Qxf3 g5 19. Rad1 Qg7 20. Nc1 g4 21. hxg4 fxg4
22. Qe3 Rxf2 23. Nd3 Rf5 24. Ne5 Raf8 25. Nxc6 g3 26. Ne5 Qf6 27. Nd7 Qh4  0-1

[Event "British Chess Championships 2023: Junior Blitz Open"]
[Site "The Venue, De Montfort University, 20 Western Boulevard, Leicester, LE2 7BU"]
[Date "2023.07.27"]
[Round "4"]
[Board "21"]
[White "Burnton, Joshua"]
[Black "Gadiot, Ashton"]
[Result "1-0"]
[WhiteElo "1733"]
[BlackElo "1227"]
[PlyCount "0"]
[EventDate "2023.07.27"]
[EventRounds "9"]
[EventCountry "ENG"]

1. e4 e6 2. d4 d5 3. exd5 exd5 4. Nf3 c6 5. Bd3 Ne7 6. O-O Bf5 7. Re1 Bxd3 8. Qxd3
Nd7 9. Bg5 h6 10. Bh4 g5 11. Bg3 Bg7 12. Bd6 Bf6 13. Qa3 Nb6 14. Nbd2 Nbc8 15. Bc5
b6 16. Bxe7 Nxe7 17. c4 O-O 18. Ne5 dxc4 19. Ndxc4 Qxd4 20. Rad1 Qf4 21. Nd7 Rfd8
22. Nxf6+ Qxf6 23. h3 Nd5 24. Qg3 Qf4 25. Qb3 Re8 26. g3 Qc7 27. Kg2 b5 28. Ne3 Nxe3+
29. Rxe3 Rxe3 30. Qxe3 a5 31. Qc5 Re8 32. Rd6 Qe7 33. Rxc6 Qe4+ 34. Kh2 Qe5 35. Qxe5
Rxe5 36. Rc2 Kg7 37. Kg2 Kg6 38. g4 Rd5 39. Re2 Rc5 40. Kf3 Rd5 41. Ke4 Rd8 42. Re3
Re8+ 43. Kd3 Rxe3+ 44. Kxe3 Kf6 45. Kd4 Ke6 46. Kc5 Ke5 47. Kxb5 Kf4 48. Kxa5 Kf3
49. b4 Kxf2 50. b5 Kg3 51. b6 Kxh3 52. b7 Kxg4 53. b8=Q f5 54. Qc8 h5 55. Qc4+ f4
56. Kb5 Kg3 57. a4 f3 58. a5 f2 59. Qf1 h4  1-0

[Event "British Chess Championships 2023: Junior Blitz Open"]
[Site "The Venue, De Montfort University, 20 Western Boulevard, Leicester, LE2 7BU"]
[Date "2023.07.27"]
[Round "4"]
[Board "22"]
[White "Verbytski, Oleg"]
[Black "Bates, Hubert"]
[Result "1-0"]
[WhiteElo "1727"]
[BlackElo "1424"]
[PlyCount "0"]
[EventDate "2023.07.27"]
[EventRounds "9"]
[EventCountry "ENG"]

1. e4 c5 2. Nf3 d6 3. d4 cxd4 4. Nxd4 Nf6 5. Nc3 a6 6. Be3 e5 7. Nb3 Be7 8. f3 Be6
9. Be2 h5 10. Qd2 Nbd7 11. a4 Rc8 12. a5 Qc7 13. O-O h4 14. f4 exf4 15. Bxf4 Nh5
16. Bxh5 Rxh5 17. Kh1 Ne5 18. Rad1 g5 19. Bxe5 dxe5 20. Qe2 Rh6 21. Qe3 Rg6 22. Nd5
Bxd5 23. exd5 Qxc2 24. Qxe5 Qxb3 25. d6 Re6 26. d7+ Kd8 27. Qh8+ Kc7 28. dxc8=Q#
 1-0

[Event "British Chess Championships 2023: Junior Blitz Open"]
[Site "The Venue, De Montfort University, 20 Western Boulevard, Leicester, LE2 7BU"]
[Date "2023.07.27"]
[Round "4"]
[Board "23"]
[White "Whelan, Joseph"]
[Black "Wang, Yuan Ya"]
[Result "1/2-1/2"]
[WhiteElo "1675"]
[BlackElo "1130"]
[PlyCount "0"]
[EventDate "2023.07.27"]
[EventRounds "9"]
[EventCountry "ENG"]

1. d4 d5 2. Bf4 Bf5 3. e3 Nc6 4. c3 e6 5. Nf3 Nf6 6. Bb5 Bd6 7. Ne5 Bxe5 8. dxe5
Nd7 9. Bxc6 bxc6 10. h4 Rb8 11. g4 Be4 12. f3 Bxb1 13. Qxb1 f6 14. exf6 Nxf6 15.
Bg5 Rf8 16. Bxf6 Qxf6 17. f4 e5 18. g5 Qf5 19. Qxf5 Rxf5 20. O-O-O exf4 21. Rdf1
Kd7 22. Rxf4 Rxf4 23. exf4 Rf8 24. Rf1 Kd6 25. Kd2 c5 26. Ke3 c6 27. h5 a5 28. f5
g6 29. hxg6 hxg6 30. f6 Ke5 31. Kd3 a4 32. b3 a3 33. Re1+ Kf5 34. Re7 Kxg5 35. Ra7
Kf5 36. Rxa3 g5 37. Ra7 g4 38. Rg7 Rxf6 39. a4 Kf4 40. a5 g3 41. a6 Rf8 42. Ke2 Ra8
43. a7 d4 44. cxd4 cxd4 45. Rf7+ Kg4 46. Kf1 d3 47. Kg2 c5 48. Rg7+ Kf4 49. Rxg3
Rxa7 50. Rxd3 Ke4 51. Rd2 Rb7 52. Rc2 Rc7 53. Kf2 Kd3 54. Rc4 Kd2 55. Kf3 Kd3 56.
Kf4 Rb7 57. Rxc5 Rxb3 58. Rd5+ Kc2 59. Ke4 Kb2 60. Kd4 Ka3 61. Rd8 Kb2 62. Kc4 Re3
63. Rd2+ Kc1 64. Rh2 Rg3 65. Kd4 Kd1 66. Ke4 Ra3 67. Rh1+ Ke2 68. Rb1 Kd2 69. Kd4
Ke2 70. Rb2+ Kd1 71. Rb8 Kc2 72. Kc4 Rh3  1/2-1/2

[Event "British Chess Championships 2023: Junior Blitz Open"]
[Site "The Venue, De Montfort University, 20 Western Boulevard, Leicester, LE2 7BU"]
[Date "2023.07.27"]
[Round "4"]
[Board "24"]
[White "Sewart, Daniel"]
[Black "Roul, Tushar"]
[Result "0-1"]
[WhiteElo "1374"]
[BlackElo "1660"]
[PlyCount "0"]
[EventDate "2023.07.27"]
[EventRounds "9"]
[EventCountry "ENG"]

1. e4 c6 2. b3 d5 3. Bb2 dxe4 4. Nc3 Nf6 5. Qe2 Bf5 6. h3 h6 7. O-O-O e6 8. g4 Bg6
9. d3 exd3 10. cxd3 Nbd7 11. f4 Be7 12. Nf3 O-O 13. g5 hxg5 14. fxg5 Nh5 15. h4 Ng3
16. Qh2 Nxh1 17. Qxh1 Bh5 18. Be2 Bxf3 19. Bxf3 Ne5 20. Be4 f5 21. gxf6 Bxf6 22.
h5 Bg5+ 23. Kb1 Ng4 24. Qg1 Nf2 25. Rf1 Nxe4 26. Nxe4 Qxd3+ 27. Ka1 Rxf1+  0-1

[Event "British Chess Championships 2023: Junior Blitz Open"]
[Site "The Venue, De Montfort University, 20 Western Boulevard, Leicester, LE2 7BU"]
[Date "2023.07.27"]
[Round "4"]
[Board "25"]
[White "Leung, Hao Ran"]
[Black "Vaidyanathan, Sathya"]
[Result "1-0"]
[WhiteElo "1432"]
[BlackElo "1635"]
[PlyCount "0"]
[EventDate "2023.07.27"]
[EventRounds "9"]
[EventCountry "ENG"]

1. d4 d5 2. Nf3 Nf6 3. Bf4 c6 4. e3 Bf5 5. c4 e6 6. cxd5 cxd5 7. Bd3 Bxd3 8. Qxd3
Nc6 9. O-O Bd6 10. Bxd6 Qxd6 11. Nc3 a6 12. a3 Rc8 13. b4 b5 14. Rfe1 O-O 15. e4
dxe4 16. Nxe4 Nxe4 17. Qxe4 h6 18. Rad1 Ne7 19. Rc1 Qd5 20. Rc5 Qxe4 21. Rxe4 Nd5
22. Re2 Nf4 23. Rec2 Rxc5 24. dxc5 Rd8 25. h3 f6 26. Kh2 e5 27. Nd2 Rc8 28. Ne4 Kf8
29. Rd2 Ke7 30. Rd6 f5 31. Nc3 Ra8 32. a4 bxa4 33. Nxa4 a5 34. b5 Ne6 35. Rd5 Kf6
36. b6 Rb8 37. c6  1-0

[Event "British Chess Championships 2023: Junior Blitz Open"]
[Site "The Venue, De Montfort University, 20 Western Boulevard, Leicester, LE2 7BU"]
[Date "2023.07.27"]
[Round "4"]
[Board "26"]
[White "Pai, Aditya"]
[Black "Calvert, George"]
[Result "0-1"]
[WhiteElo "1338"]
[BlackElo "1536"]
[PlyCount "0"]
[EventDate "2023.07.27"]
[EventRounds "9"]
[EventCountry "ENG"]

1. d4 d5 2. c4 Nf6 3. Nf3 c6 4. Nc3 Bf5 5. Bg5 e6 6. e3 Be7 7. Bd3 Bxd3 8. Qxd3 O-O
9. O-O Nbd7 10. cxd5 exd5 11. Rac1 Qb6 12. Na4 Qa5 13. Qb3 Nb6 14. Nxb6 axb6 15.
a3 b5 16. Ne5 Qd8 17. Qc2 Ne4 18. Bxe7 Qxe7 19. f3 Nd6 20. Rfe1 f6 21. Ng4 Nc4 22.
e4 Qd7 23. Ne3 dxe4 24. Nxc4 bxc4 25. Qxc4+ Kh8 26. Rxe4 Rad8 27. Rd1 Rfe8 28. Qb4
f5 29. Rxe8+ Rxe8 30. Kf2 h6 31. Qd2 Qe7 32. Re1 Qh4+ 33. g3 Qxh2+ 34. Kf1 Qxd2 35.
Rxe8+ Kh7 36. Re2 Qxd4 37. Kg2 Qd3 38. Kf2 c5 39. Re3 Qd4 40. Ke2 c4 41. Rc3 b5 42.
Kf1 Qd1+ 43. Kg2 Qe2+ 44. Kh3 Qf1+ 45. Kh2 Qf2+ 46. Kh3 Qg1 47. Rc2 Qh1+ 48. Rh2
Qxf3 49. Rg2 Qg4+ 50. Kh2 f4 51. gxf4 Qxf4+ 52. Kg1 Qe3+ 53. Rf2 Qc1+ 54. Kg2 Qg5+
55. Kf1 h5 56. Rg2 Qf5+ 57. Rf2 Qd3+ 58. Kg2 h4 59. Rf3 Qe2+ 60. Rf2 Qg4+ 61. Kf1
h3 62. Rh2 Qf4+ 63. Kg1 Qg3+ 64. Kh1 Qe1#  0-1

[Event "British Chess Championships 2023: Junior Blitz Open"]
[Site "The Venue, De Montfort University, 20 Western Boulevard, Leicester, LE2 7BU"]
[Date "2023.07.27"]
[Round "4"]
[Board "27"]
[White "Thomas, James"]
[Black "Kumar, Arnav"]
[Result "1/2-1/2"]
[WhiteElo "1616"]
[BlackElo "1526"]
[PlyCount "0"]
[EventDate "2023.07.27"]
[EventRounds "9"]
[EventCountry "ENG"]

1. d4 Nf6 2. Nf3 g6 3. Bf4 Bg7 4. e3 d6 5. h3 c6 6. Be2 O-O 7. O-O Nbd7 8. c4 Re8
9. Nc3 e5 10. dxe5 dxe5 11. Nxe5 Nh5 12. Bxh5 Bxe5 13. Bxe5 Nxe5 14. Be2 Qxd1 15.
Rfxd1 Be6 16. b3 Rad8 17. Rxd8 Rxd8 18. Rd1 Rxd1+ 19. Nxd1 Bf5 20. Nc3 Kf8 21. g4
Bd3 22. Bxd3 Nxd3 23. Kf1 Ke7 24. Ke2 Ne5 25. f4 Nd7 26. Kd3 f5 27. gxf5 gxf5 28.
e4 Ke6 29. e5 Nc5+ 30. Kd4 Na6 31. a3 b6 32. h4 Nc7 33. Ne2 Ne8 34. Ng3 Ng7 35. h5
h6 36. Kd3 c5 37. b4 a6 38. b5 axb5 39. cxb5 Ne8 40. Kc4 Nc7 41. a4 Nd5 42. Ne2 Ne3+
43. Kd3 Nd5 44. Kc4 Ne3+ 45. Kd3 Nd5 46. Kc4  1/2-1/2

[Event "British Chess Championships 2023: Junior Blitz Open"]
[Site "The Venue, De Montfort University, 20 Western Boulevard, Leicester, LE2 7BU"]
[Date "2023.07.27"]
[Round "5"]
[Board "1"]
[White "Badacsonyi, Stanley"]
[Black "Zhu, Pengxiao"]
[Result "1-0"]
[WhiteElo "2231"]
[BlackElo "1759"]
[PlyCount "0"]
[EventDate "2023.07.27"]
[EventRounds "9"]
[EventCountry "ENG"]

1. d4 d5 2. Nc3 Nf6 3. Bg5 c5 4. Bxf6 exf6 5. e3 Nc6 6. Nf3 cxd4 7. Nxd4 Be7 8. Bb5
Bd7 9. Nxd5 O-O 10. Nxe7+ Nxe7 11. Bxd7 Qxd7 12. O-O Rac8 13. c3 Rfd8 14. Qb3 b6
15. h3 Ng6 16. a4 Ne5 17. a5 Rb8 18. a6 Rdc8 19. Rfd1 Qe8 20. Nb5 Rd8 21. Nxa7 Rxd1+
22. Rxd1 b5 23. Rd5 b4 24. cxb4 Qe6 25. f4 Nd7 26. Qd3 Nf8 27. b5 Qb6 28. Nc6 Re8
29. Qd4 Qc7 30. a7 Ne6 31. Qa4 Ra8 32. f5 Nf8 33. Rd8 Qb7 34. Rxa8 Qxa8 35. b6  1-0

[Event "British Chess Championships 2023: Junior Blitz Open"]
[Site "The Venue, De Montfort University, 20 Western Boulevard, Leicester, LE2 7BU"]
[Date "2023.07.27"]
[Round "5"]
[Board "2"]
[White "Cancedda-Dupuis, Livio"]
[Black "Kothari, Jai"]
[Result "1/2-1/2"]
[WhiteElo "1862"]
[BlackElo "1951"]
[PlyCount "0"]
[EventDate "2023.07.27"]
[EventRounds "9"]
[EventCountry "ENG"]

1. e4 e5 2. Nf3 Nc6 3. Bb5 Nf6 4. Nc3 Be7 5. d3 d6 6. h3 a6 7. Ba4 b5 8. Bb3 Bb7
9. Nd5 Na5 10. Nxe7 Qxe7 11. Bg5 h6 12. Bh4 Nxb3 13. axb3 Qe6 14. Bxf6 Qxf6 15. c4
O-O 16. Qd2 c5 17. b4 bxc4 18. bxc5 dxc5 19. dxc4 Bxe4 20. Qe3 Bxf3 21. gxf3 Rad8
22. O-O Rd4 23. b3 Rfd8 24. Rfe1 Rd3 25. Qxe5 Qg6+ 26. Qg3 Qxg3+ 27. fxg3 Rxf3 28.
Kg2 Rdd3 29. Re8+ Kh7 30. Rxa6 Rxg3+ 31. Kf2 Rdf3+ 32. Ke2 Rxb3 33. Ra7 Rb2+ 34.
Kf1 Rc3 35. Rxf7 Rxc4 36. Ree7 Rc1+ 37. Re1 Rxe1+ 38. Kxe1 Rh2 39. Rf3 c4 40. Rc3
h5 41. Kf1 Kh6 42. Kg1 Ra2 43. Rxc4 g6 44. Rc5 h4 45. Kh1 Ra3 46. Kh2 Rg3 47. Rb5
Rf3 48. Kg2 Rf5 49. Rb8 Kg5 50. Rb4 Ra5 51. Rg4+ Kh5 52. Rb4 Ra2+ 53. Kh1 Rf2 54.
Rc4 Kg5 55. Rg4+ Kh5 56. Ra4 g5 57. Kg1 Rb2 58. Kh1 Re2 59. Kg1 Kg6 60. Ra5 Kf6 61.
Rb5 Re5 62. Rb8 Kf5 63. Rf8+ Ke4 64. Kg2 Rf5 65. Re8+ Kf4 66. Re7 Rf6 67. Re8 Rf7
68. Re6 Ra7 69. Rf6+ Ke5 70. Rf8  1/2-1/2

[Event "British Chess Championships 2023: Junior Blitz Open"]
[Site "The Venue, De Montfort University, 20 Western Boulevard, Leicester, LE2 7BU"]
[Date "2023.07.27"]
[Round "5"]
[Board "3"]
[White "Han, Yichen"]
[Black "Dayal, Samar"]
[Result "0-1"]
[WhiteElo "2355"]
[BlackElo "1400"]
[PlyCount "0"]
[EventDate "2023.07.27"]
[EventRounds "9"]
[EventCountry "ENG"]

1. Nf3 Nf6 2. d4 d6 3. Nc3 Nbd7 4. e4 e5 5. Rg1 h5 6. Bc4 exd4 7. Qxd4 g6 8. Ng5
Ne5 9. f4 Nxc4 10. Qxc4 Qe7 11. Be3 Bg7 12. e5 Ng4 13. Bd2 c6 14. h3 Nh6 15. O-O-O
dxe5 16. Nce4 O-O 17. Bb4 Be6 18. Nxe6 Qxe6 19. Qxe6 fxe6 20. Bxf8 Rxf8 21. Nc5 Re8
22. fxe5 Bxe5 23. Kb1 b6 24. Nd7 Bg7 25. g4 h4 26. Rgf1 Rd8 27. g5 Nf5 28. Nf6+ Bxf6
29. gxf6 Rf8 30. Rd7 Rf7 31. Rd8+ Rf8 32. Rd7 Rf7 33. Rfd1 g5 34. R7d3 Rxf6 35. Rg1
Ng3 36. a4 Kg7 37. Rd7+ Rf7 38. Rd6 e5 39. Rxc6 e4 40. Re6 Rd7 41. Ka2 Rd2 42. Kb3
Rd7 43. c3 Kf7 44. Rh6 Kg7 45. Rc6 e3 46. Re6 e2 47. Rxg3 hxg3 48. Rxe2 Rf7 49. Rg2
Rf3 50. Kc4 Kf6 51. Kd4 Kf5 52. b4 Kf4 53. c4 Rf2 54. Rg1 g2 55. c5 Kf3 56. c6 Rc2
57. Kd5 Kf2 58. Rb1 g1=Q 59. Rxg1 Kxg1 60. Kd6 Kh2 61. c7 Kxh3 62. Kd7 g4 63. c8=Q
Rc3 64. Qc7 Rxc7+ 65. Kc8  0-1

[Event "British Chess Championships 2023: Junior Blitz Open"]
[Site "The Venue, De Montfort University, 20 Western Boulevard, Leicester, LE2 7BU"]
[Date "2023.07.27"]
[Round "5"]
[Board "4"]
[White "Mathur, Pranav"]
[Black "Zhao, George"]
[Result "0-1"]
[WhiteElo "2026"]
[BlackElo "1720"]
[PlyCount "0"]
[EventDate "2023.07.27"]
[EventRounds "9"]
[EventCountry "ENG"]

1. d4 e6 2. Nf3 c5 3. e3 cxd4 4. exd4 Nf6 5. Bg5 Be7 6. c3 d5 7. Bd3 Nbd7 8. Nbd2
O-O 9. O-O h6 10. Bh4 Re8 11. Re1 a6 12. a4 b6 13. Ne5 Nxe5 14. dxe5 Nd7 15. Bg3
Bb7 16. f4 Nc5 17. Bb1 d4 18. Nb3 Qd5 19. Be4 Nxe4 20. Re2 d3 21. c4 dxe2 22. Qxe2
Nxg3 23. hxg3 Qc6 24. Kf1 Rad8 25. g4 Qxg2+ 26. Qxg2 Bxg2+ 27. Kxg2 Rd3  0-1